[Event "4NCL Division 3 North"]
[Site "Bolton, ENG"]
[Date "2017.01.15"]
[Round "4.208"]
[White "Anderson, Paul W"]
[Black "Kildea, Robbie"]
[Result "0-1"]
[WhiteElo "1746"]
[BlackElo "1672"]
[PlyCount "69"]
[EventDate "2017.01.15"]
[WhiteTeam "Jorvik"]
[BlackTeam "Enniscorthy"]

1. c4 b6 2. Nc3 Bb7 3. d4 Nf6 4. Nf3 e6 5. e3 d5 6. Be2 Bd6 7. Nd2 Nbd7 8. Bf3
c5 9. cxd5 exd5 10. O-O h5 11. Nb5 Bxh2+ 12. Kxh2 Ng4+ 13. Kg1 Qh4 14. Re1
Qxf2+ 15. Kh1 Ndf6 16. e4 Qh4+ 17. Kg1 Qf2+ 18. Kh1 O-O-O 19. b4 Qh4+ 20. Kg1
Qf2+ 21. Kh1 dxe4 22. Nxe4 Nxe4 23. Bxe4 Qh4+ 24. Kg1 Qf2+ 25. Kh1 Bxe4 26.
Rxe4 Qh4+ 27. Kg1 Qf2+ 28. Kh1 Qh4+ 29. Kg1 Qh2+ 30. Kf1 Qh1+ 31. Ke2 Qxg2+ 32.
Kd3 Nf2+ 33. Kc4 Nxd1 34. Nxa7+ Kd7 35. Re5 0-1

[Event "4NCL Division 3 North"]
[Site "Bolton, ENG"]
[Date "2017.01.15"]
[Round "4.12"]
[White "Moran, Stephen"]
[Black "Dobson, Graham W"]
[Result "1-0"]
[WhiteElo "2158"]
[BlackElo "1930"]
[PlyCount "128"]
[EventDate "2017.01.15"]
[WhiteTeam "Gonzaga"]
[BlackTeam "Manchester Manticores 4"]

1. d4 Nf6 2. c4 c5 3. d5 e6 4. Nc3 exd5 5. cxd5 d6 6. e4 g6 7. Nge2 Bg7 8. Ng3
O-O 9. Be2 a6 10. a4 Nbd7 11. O-O h5 12. f3 Re8 13. Nh1 Ne5 14. Nf2 Rb8 15. h3
Qc7 16. Be3 Kh7 17. Qd2 Ned7 18. Rfc1 b6 19. b4 Ng8 20. Rab1 Bb7 21. Nd3 Ngf6
22. Kh1 Re7 23. a5 c4 24. axb6 Nxb6 25. Nc5 Rbe8 26. Bg5 Re5 27. Nxb7 Qxb7 28.
Bf1 Qc7 29. Rc2 Rc8 30. Ra2 Ra8 31. Be3 Ree8 32. Bd4 Bh6 33. Qf2 Nfd7 34. Rba1
Qb7 35. Ra5 Bg7 36. Bxg7 Kxg7 37. Qa2 Ne5 38. Rxa6 Nd3 39. Bxd3 cxd3 40. b5
Rec8 41. Qf2 Qc7 42. Qd4+ Kh7 43. Rxa8 Nxa8 44. Qxd3 Nb6 45. Ne2 Qc2 46. Qxc2
Rxc2 47. Nd4 Rd2 48. Nc6 Rb2 49. Ra7 Kg8 50. Rb7 Nc4 51. Nd8 h4 52. Nxf7 Rb1+
53. Kh2 Ne3 54. Nh6+ Kf8 55. b6 Nf1+ 56. Kg1 Ng3+ 57. Kf2 Rb2+ 58. Ke3 g5 59.
Rf7+ Ke8 60. b7 Rb3+ 61. Kd2 Kd8 62. Rf8+ Kc7 63. b8=Q+ Rxb8 64. Rxb8 Kxb8 1-0

[Event "4NCL Division 3 North"]
[Site "Bolton, ENG"]
[Date "2017.01.15"]
[Round "4.13"]
[White "Raghavendra, Mahima"]
[Black "Delaney, Killian"]
[Result "0-1"]
[WhiteElo "1772"]
[BlackElo "2230"]
[PlyCount "126"]
[EventDate "2017.01.15"]
[WhiteTeam "Manchester Manticores 4"]
[BlackTeam "Gonzaga"]

1. e4 c6 2. d4 d5 3. Nc3 dxe4 4. Nxe4 Nd7 5. Nf3 Ngf6 6. Ng3 c5 7. dxc5 e6 8.
Be3 Qc7 9. c3 Bxc5 10. Bxc5 Qxc5 11. Qd4 a6 12. Qxc5 Nxc5 13. Ne5 b5 14. f3 Bb7
15. Nd3 Nxd3+ 16. Bxd3 Rd8 17. O-O-O Ke7 18. Rhe1 Nd5 19. Bf1 Rd7 20. Nf5+ Kf6
21. Ne3 Rc8 22. Nxd5+ Bxd5 23. Kb1 g5 24. g3 Rcd8 25. Be2 h5 26. b3 h4 27. c4
bxc4 28. bxc4 Bc6 29. Rxd7 Rxd7 30. Kc2 a5 31. Kc3 e5 32. Rd1 Rxd1 33. Bxd1 Ke6
34. Kd3 hxg3 35. hxg3 Kd6 36. a3 f5 37. Be2 Kc5 38. g4 e4+ 39. fxe4 Bxe4+ 40.
Ke3 Bb1 41. gxf5 Bxf5 42. Kd2 Kd4 43. c5 Be4 44. Bd1 Bd5 45. Bg4 Bc6 46. Bd1
Kxc5 47. Kc3 Bb5 48. Bf3 Bf1 49. Kb3 Bc4+ 50. Kc3 Bd5 51. Be2 Be4 52. Bd1 Kd5
53. Kb3 Kd4 54. Ka4 Ke3 55. Kxa5 Bf3 56. Bxf3 Kxf3 57. a4 g4 58. Kb6 g3 59. a5
g2 60. a6 g1=Q+ 61. Kb7 Qg7+ 62. Kb8 Qe5+ 63. Kb7 Qb5+ 0-1

[Event "4NCL Division 3 North"]
[Site "Bolton, ENG"]
[Date "2017.01.15"]
[Round "4.14"]
[White "Murray, David"]
[Black "Gawne, Martin"]
[Result "1-0"]
[WhiteElo "2141"]
[BlackElo "1847"]
[PlyCount "57"]
[EventDate "2017.01.15"]
[WhiteTeam "Gonzaga"]
[BlackTeam "Manchester Manticores 4"]

1. e4 e5 2. Nf3 Nc6 3. Bc4 Bc5 4. c3 Nf6 5. d4 exd4 6. e5 d5 7. Bb5 Ne4 8. cxd4
Bb4+ 9. Bd2 Nxd2 10. Bxc6+ bxc6 11. Nbxd2 O-O 12. O-O f6 13. a3 Bxd2 14. Qxd2
Bg4 15. exf6 Bxf3 16. fxg7 Kxg7 17. gxf3 Qf6 18. Rae1 Kh8 19. f4 Rg8+ 20. Kh1
Raf8 21. Rg1 Qh4 22. Qe3 Rxf4 23. Rxg8+ Kxg8 24. Qe8+ Kg7 25. Rg1+ Kh6 26.
Qxc6+ Rf6 27. Qxd5 Rxf2 28. Qe6+ Kh5 29. Qe5+ 1-0

[Event "4NCL Division 3 North"]
[Site "Bolton, ENG"]
[Date "2017.01.15"]
[Round "4.16"]
[White "Freeman, Gordon"]
[Black "Pollard, Matthew B"]
[Result "1-0"]
[WhiteElo "2121"]
[BlackElo "1727"]
[PlyCount "53"]
[EventDate "2017.01.15"]
[WhiteTeam "Gonzaga"]
[BlackTeam "Manchester Manticores 4"]

1. d4 Nf6 2. c4 e6 3. g3 c5 4. Nf3 cxd4 5. Nxd4 Nc6 6. Bg2 a6 7. O-O Be7 8. Nc3
O-O 9. e4 Qc7 10. b3 d6 11. Bb2 Bd7 12. Rc1 Rac8 13. Nd5 Qd8 14. Nxe7+ Nxe7 15.
Nc2 Bc6 16. Bxf6 gxf6 17. Qd4 e5 18. Qd2 Qc7 19. Qh6 f5 20. Qg5+ Ng6 21. exf5
f6 22. Qg4 Bd7 23. Ne3 Kh8 24. Nd5 Qd8 25. Qh5 Ne7 26. Nxe7 Qxe7 27. Bxb7 1-0

[Event "4NCL Division 3 North"]
[Site "Bolton, ENG"]
[Date "2017.01.15"]
[Round "4.25"]
[White "Fabri, Henrik"]
[Black "Scattergood, Ben"]
[Result "1-0"]
[WhiteElo "1944"]
[BlackElo "1854"]
[PlyCount "69"]
[EventDate "2017.01.15"]
[WhiteTeam "Manx Liberty"]
[BlackTeam "Holmes Chapel"]

1. e4 e6 2. d4 d5 3. Nd2 Nf6 4. e5 Nfd7 5. Bd3 c5 6. c3 Nc6 7. Ndf3 Qb6 8. Ne2
f6 9. exf6 Nxf6 10. O-O cxd4 11. cxd4 Bd6 12. Re1 O-O 13. Nc3 Nb4 14. Bb1 Bd7
15. a3 Nc6 16. b4 Rae8 17. Bg5 Ne7 18. Qd3 Ng6 19. Qd2 Ne4 20. Nxe4 dxe4 21.
Bxe4 Bf4 22. Bxf4 Nxf4 23. Ne5 Rd8 24. Red1 Ba4 25. Rdc1 Rxd4 26. Qe3 Bb5 27.
Rc5 Rd6 28. f3 a5 29. g3 Nd5 30. Bxd5 exd5 31. bxa5 Qxa5 32. Rb1 Rb6 33. Qd4
Qxa3 34. Qxd5+ Kh8 35. Nf7+ 1-0

[Event "4NCL Division 3 North"]
[Site "Bolton, ENG"]
[Date "2017.01.15"]
[Round "4.31"]
[White "Hamer, Martyn"]
[Black "Edwards, Roger J"]
[Result "1-0"]
[WhiteElo "2080"]
[BlackElo "1676"]
[PlyCount "51"]
[EventDate "2017.01.15"]
[WhiteTeam "Manchester Manticores 3"]
[BlackTeam "Cheddleton 2"]

1. Nf3 f5 2. g3 e6 3. Bg2 Nf6 4. O-O Be7 5. c4 O-O 6. Nc3 d6 7. d4 c6 8. Qc2
Qe8 9. e4 fxe4 10. Nxe4 Nxe4 11. Qxe4 Qf7 12. Bd2 d5 13. Qe2 Nd7 14. Rae1 Nb6
15. c5 Nc4 16. Bf4 Bd8 17. b3 Na3 18. Bh3 Re8 19. Ne5 Qf6 20. Qh5 g6 21. Qd1
Nb5 22. Qd2 Nc7 23. Ng4 Qg7 24. Be5 Qd7 25. Nh6+ Kf8 26. Qf4+ 1-0

[Event "4NCL Division 3 North"]
[Site "Bolton, ENG"]
[Date "2017.01.15"]
[Round "4.35"]
[White "Altham, John T"]
[Black "Boswell, Jacob Connor"]
[Result "0-1"]
[WhiteElo "1900"]
[BlackElo "1937"]
[PlyCount "78"]
[EventDate "2017.01.15"]
[WhiteTeam "Manchester Manticores 3"]
[BlackTeam "Cheddleton 2"]

1. e4 e5 2. Nf3 Nc6 3. Bb5 a6 4. Ba4 Nf6 5. O-O Be7 6. d3 b5 7. Bb3 O-O 8. c3
d6 9. Nbd2 Be6 10. Re1 Bxb3 11. Qxb3 b4 12. cxb4 Rb8 13. a3 a5 14. Qc3 Na7 15.
bxa5 c5 16. Nc4 Nc6 17. Bd2 Nd7 18. Qc2 f5 19. Bc3 f4 20. Rab1 g5 21. b4 g4 22.
Nfd2 Qe8 23. f3 h5 24. b5 Nd4 25. Bxd4 cxd4 26. a6 Qg6 27. a4 Kh8 28. a5 Rg8
29. b6 h4 30. Re2 h3 31. b7 g3 32. Nf1 Nc5 33. Rb6 Qg5 34. Nxd6 Bxd6 35. Rxd6
Nxd3 36. hxg3 fxg3 37. Qxd3 Qc1 38. Rd2 h2+ 39. Kh1 Qc5 0-1

[Event "4NCL Division 3 North"]
[Site "Bolton, ENG"]
[Date "2017.01.15"]
[Round "4.41"]
[White "Jayawarna, Nugith"]
[Black "Willow, Jonah B"]
[Result "1-0"]
[WhiteElo "2125"]
[BlackElo "2080"]
[PlyCount "77"]
[EventDate "2017.01.15"]
[WhiteTeam "Manchester Manticores 2"]
[BlackTeam "Ashfield Breadsall 1"]

1. c4 c5 2. g3 Nc6 3. Bg2 g6 4. Nc3 Bg7 5. Nf3 e6 6. O-O Nge7 7. d4 cxd4 8. Nb5
O-O 9. Nfxd4 Nxd4 10. Nxd4 d5 11. Bg5 b6 12. Bc1 e5 13. Nb5 a6 14. Nc3 d4 15.
Nd5 Be6 16. Qb3 b5 17. Nxe7+ Qxe7 18. Bxa8 Rxa8 19. Qf3 Rd8 20. cxb5 axb5 21.
Bd2 f5 22. Ba5 Re8 23. Qc6 Rc8 24. Qxb5 Bc4 25. Qb6 Bxe2 26. Rfc1 Qd7 27. Bd2
Re8 28. Rc7 Qe6 29. Qb7 Bf6 30. Rac1 f4 31. Rc8 Bd8 32. Qc6 Qxc6 33. R1xc6 Bb5
34. Rd6 Be7 35. Rxe8+ Bxe8 36. Re6 Kf7 37. Rxe5 Bf6 38. Ra5 f3 39. b4 1-0

[Event "4NCL Division 3 North"]
[Site "Bolton, ENG"]
[Date "2017.01.15"]
[Round "4.42"]
[White "Walker, Andrew N"]
[Black "Timson, Paul F"]
[Result "1/2-1/2"]
[WhiteElo "2059"]
[BlackElo "2065"]
[PlyCount "34"]
[EventDate "2017.01.15"]
[WhiteTeam "Ashfield Breadsall 1"]
[BlackTeam "Manchester Manticores 2"]

1. e4 c5 2. Nc3 Nc6 3. g3 g6 4. Bg2 Bg7 5. d3 e6 6. Be3 d6 7. Nge2 Nge7 8. Qd2
Nd4 9. O-O O-O 10. Nd1 Nxe2+ 11. Qxe2 Nc6 12. Qd2 Rb8 13. f4 f5 14. c3 Qc7 15.
Nf2 b5 16. g4 b4 17. exf5 exf5 1/2-1/2

[Event "4NCL Division 3 North"]
[Site "Bolton, ENG"]
[Date "2017.01.15"]
[Round "4.44"]
[White "Garnett, John S"]
[Black "Flores, Marcial"]
[Result "0-1"]
[WhiteElo "1975"]
[BlackElo "2065"]
[PlyCount "148"]
[EventDate "2017.01.15"]
[WhiteTeam "Ashfield Breadsall 1"]
[BlackTeam "Manchester Manticores 2"]

1. d4 Nf6 2. Bg5 d5 3. e3 e6 4. c4 Be7 5. Nc3 c6 6. cxd5 exd5 7. Bd3 O-O 8. Qc2
h6 9. Bf4 Re8 10. Nf3 Nbd7 11. O-O Nf8 12. Rab1 Be6 13. b4 Nh5 14. Be5 f6 15.
Bg3 Nxg3 16. hxg3 Rc8 17. b5 c5 18. dxc5 Bxc5 19. Qd2 Qa5 20. Ne2 Qxd2 21. Nxd2
Rc7 22. Nb3 Rec8 23. Nf4 Kf7 24. Rfd1 f5 25. Be2 Bb6 26. a4 Rc2 27. a5 Bc7 28.
Nd4 Rc5 29. Ndxe6 Nxe6 30. Bh5+ g6 31. Bxg6+ Kf6 32. Nxd5+ Rxd5 33. Rxd5 Kxg6
34. b6 axb6 35. axb6 Bd8 36. Rd7 Rb8 37. Rd6 Kf6 38. Rb5 Be7 39. Rdd5 Ng7 40.
Kf1 Rd8 41. Ke2 Rxd5 42. Rxd5 Ke6 43. Rb5 Ne8 44. Kd3 Nd6 45. Rb1 Ne4 46. Rb2
Kd5 47. Ke2 Bc5 48. Kf3 Ng5+ 49. Ke2 Kc6 50. Rb1 Ne4 51. Rh1 Bf8 52. Kf3 Kxb6
53. g4 Ng5+ 54. Kf4 fxg4 55. Kxg4 Ne4 56. Rb1+ Kc6 57. f4 b5 58. Kf5 Nc3 59.
Rc1 b4 60. e4 Kc5 61. e5 Kd4 62. e6 b3 63. Kg6 b2 64. Rh1 Ne2 65. f5 Nc1 66. f6
b1=Q+ 67. Kf7 Ba3 68. Rxh6 Qb7+ 69. e7 Nd3 70. Kg7 Bxe7 71. fxe7 Qxe7+ 72. Kh8
Qf8+ 73. Kh7 Qf7+ 74. Kh8 Ne5 0-1

[Event "4NCL Division 3 North"]
[Site "Bolton, ENG"]
[Date "2017.01.15"]
[Round "4.46"]
[White "Jarvis, Derek A"]
[Black "Webster, Richard J"]
[Result "1-0"]
[WhiteElo "1932"]
[BlackElo "2020"]
[PlyCount "83"]
[EventDate "2017.01.15"]
[WhiteTeam "Ashfield Breadsall 1"]
[BlackTeam "Manchester Manticores 2"]

1. e4 c5 2. Nf3 e6 3. Nc3 a6 4. g3 Nc6 5. Bg2 d6 6. d4 cxd4 7. Nxd4 Qc7 8. O-O
Be7 9. Nde2 Nf6 10. a4 Rb8 11. Bf4 b6 12. h3 O-O 13. Qd2 Rd8 14. Rfd1 Bb7 15.
b3 Rbc8 16. Be3 Nb4 17. Rac1 d5 18. exd5 Nbxd5 19. Nxd5 Nxd5 20. c4 Nxe3 21.
Qxe3 Bc5 22. Qf4 e5 23. Qf5 g6 24. Qc2 Bxg2 25. Kxg2 Qc6+ 26. f3 Bb4 27. Rd3
Rxd3 28. Qxd3 Re8 29. Nc3 Bxc3 30. Rxc3 e4 31. fxe4 Rxe4 32. Kh2 Re1 33. Qd5
Qf6 34. Rc2 Qe7 35. Rf2 Re2 36. Qf3 Re3 37. Qa8+ Kg7 38. Qd5 f6 39. Qd1 Qc7 40.
Rf3 Qe5 41. Qd7+ Kh6 42. Qd2 1-0

[Event "4NCL Division 3 North"]
[Site "Bolton, ENG"]
[Date "2017.01.15"]
[Round "4.52"]
[White "Naylor, Michael A"]
[Black "Macklin, Paul"]
[Result "1/2-1/2"]
[WhiteElo "1930"]
[BlackElo "2365"]
[PlyCount "28"]
[EventDate "2017.01.15"]
[WhiteTeam "Ashfield Breadsall 2"]
[BlackTeam "Manchester Manticores 1"]

1. e4 Nc6 2. Nf3 d6 3. d4 Nf6 4. Bd3 Bg4 5. Be3 e5 6. d5 Ne7 7. c3 Ng6 8. h3
Bd7 9. Nbd2 Be7 10. b4 h6 11. c4 O-O 12. c5 Nh7 13. Rc1 Ng5 14. Qc2 Rc8 1/2-1/2

[Event "4NCL Division 3 North"]
[Site "Bolton, ENG"]
[Date "2017.01.15"]
[Round "4.53"]
[White "Jaunooby, Ali R"]
[Black "Flynn, David"]
[Result "1-0"]
[WhiteElo "2207"]
[BlackElo "1862"]
[PlyCount "71"]
[EventDate "2017.01.15"]
[WhiteTeam "Manchester Manticores 1"]
[BlackTeam "Ashfield Breadsall 2"]

1. d4 Nf6 2. c4 g6 3. f3 d5 4. cxd5 Nxd5 5. e4 Nb6 6. a4 a5 7. Be3 Bg7 8. Nc3
O-O 9. Rc1 Nc6 10. Nb5 e6 11. h4 Qe7 12. Qb3 Rd8 13. Ne2 Qb4+ 14. Qxb4 Nxb4 15.
Rxc7 Nd3+ 16. Kd2 Nxb2 17. Nec3 Rd7 18. Kc2 N2xa4 19. Nxa4 Nxa4 20. Kb3 Nb6 21.
d5 a4+ 22. Ka2 Nxd5 23. exd5 exd5 24. Bd3 Be5 25. Rc2 Re7 26. Bc5 Re8 27. Re1
Bd7 28. Rce2 f6 29. h5 g5 30. Nd6 Reb8 31. Rxe5 fxe5 32. Rxe5 h6 33. Re7 Be8
34. Bh7+ Kf8 35. Nxe8 Rxe8 36. Rxb7+ 1-0

[Event "4NCL Division 3 North"]
[Site "Bolton, ENG"]
[Date "2017.01.15"]
[Round "4.61"]
[White "Clarke, Stuart W"]
[Black "Dean, Robert A"]
[Result "1-0"]
[WhiteElo "2243"]
[BlackElo "1849"]
[PlyCount "83"]
[EventDate "2017.01.15"]
[WhiteTeam "3Cs 2"]
[BlackTeam "Bradford DCA Knights C"]

1. e4 e6 2. d4 d5 3. Nd2 c5 4. exd5 Qxd5 5. Ngf3 cxd4 6. Bc4 Qd6 7. O-O Nf6 8.
Nb3 Nc6 9. Nbxd4 Nxd4 10. Nxd4 a6 11. Re1 Qc7 12. Qe2 Bd6 13. Bg5 Bxh2+ 14. Kf1
O-O 15. Bd3 Bf4 16. Bxf6 gxf6 17. Qh5 f5 18. c3 Kh8 19. Nf3 Rg8 20. Rad1 b5 21.
g3 Bxg3 22. Ng5 Rxg5 23. Qxg5 Be5 24. Bxf5 Bb7 25. Bxh7 Kxh7 26. Qh5+ Kg8 27.
Rxe5 Qc4+ 28. Ke1 Qf4 29. Qg5+ Qxg5 30. Rxg5+ Kf8 31. Rc5 Be4 32. Rd7 Kg7 33.
Rcc7 Bg6 34. Ra7 Rh8 35. Rxa6 Rh1+ 36. Kd2 Rb1 37. b3 Bh5 38. Raa7 Rd1+ 39. Kc2
Rf1 40. Rd2 Bg6+ 41. Kb2 Re1 42. Ka3 1-0

[Event "4NCL Division 3 North"]
[Site "Bolton, ENG"]
[Date "2017.01.15"]
[Round "4.63"]
[White "Adams, Philip"]
[Black "Adam, David W"]
[Result "1-0"]
[WhiteElo "1990"]
[BlackElo "1780"]
[PlyCount "63"]
[EventDate "2017.01.15"]
[WhiteTeam "3Cs 2"]
[BlackTeam "Bradford DCA Knights C"]

1. e4 c5 2. Nf3 d6 3. Bb5+ Nd7 4. O-O Ngf6 5. Re1 e6 6. c3 Be7 7. d4 O-O 8.
Nbd2 Nb6 9. a4 a6 10. Bd3 Nbd7 11. Nf1 b6 12. e5 dxe5 13. dxe5 Nd5 14. Qc2 h6
15. Qe2 f5 16. exf6 N7xf6 17. Ng3 Bd6 18. Ne4 Bc7 19. Nxf6+ Nxf6 20. Rd1 Qe8
21. Ne5 Bb7 22. Bg6 Qc8 23. c4 Bxe5 24. Qxe5 Ng4 25. Qg3 Rxf2 26. Rd2 Rxd2 27.
Bxd2 Nf6 28. Bc3 Qf8 29. Rf1 Qe7 30. Bxf6 gxf6 31. Be4+ Kf7 32. Qg6+ 1-0

[Event "4NCL Division 3 North"]
[Site "Bolton, ENG"]
[Date "2017.01.15"]
[Round "4.64"]
[White "Clarke, Paul Rh"]
[Black "Rita, Joao"]
[Result "0-1"]
[WhiteElo "1729"]
[BlackElo "1916"]
[PlyCount "112"]
[EventDate "2017.01.15"]
[WhiteTeam "Bradford DCA Knights C"]
[BlackTeam "3Cs 2"]

1. d4 Nf6 2. Nf3 d5 3. Bf4 c5 4. c3 e6 5. e3 Be7 6. h3 Nc6 7. Bd3 Qb6 8. Qc1
cxd4 9. exd4 Bd7 10. Nbd2 Rc8 11. Qb1 Na5 12. O-O Bb5 13. Bxb5+ Qxb5 14. Nb3
Nc4 15. Nfd2 O-O 16. Nxc4 Rxc4 17. Bg5 a5 18. Qd3 a4 19. Nd2 Rb4 20. Qxb5 Rxb5
21. Bxf6 Bxf6 22. Rab1 Rc8 23. a3 Rc6 24. Rfd1 Rcb6 25. b4 axb3 26. a4 Ra5 27.
Nxb3 Rxa4 28. Nc5 Rxb1 29. Rxb1 Ra3 30. Rxb7 h6 31. Rb3 Ra1+ 32. Kh2 Bg5 33.
Kg3 Bd2 34. Rb8+ Kh7 35. Rb7 Bxc3 36. Rxf7 Bxd4 37. Nxe6 Bf6 38. Rd7 Rd1 39.
Kf3 Re1 40. Nf4 d4 41. Nd3 Re8 42. Rd5 Kg8 43. Rb5 Kf7 44. Rb7+ Ke6 45. Rb5 Kd6
46. Rf5 Kc6 47. Nb4+ Kb7 48. Rd5 Kb6 49. Nd3 Kc6 50. Rc5+ Kd6 51. Rb5 Ra8 52.
Rf5 Ra2 53. g3 Ke6 54. Rb5 Rd2 55. Ke4 g5 56. f4 Re2+ 0-1

[Event "4NCL Division 3 North"]
[Site "Bolton, ENG"]
[Date "2017.01.15"]
[Round "4.65"]
[White "McLean, Robert"]
[Black "Grobler, David"]
[Result "1-0"]
[WhiteElo "1967"]
[BlackElo "1697"]
[PlyCount "39"]
[EventDate "2017.01.15"]
[WhiteTeam "3Cs 2"]
[BlackTeam "Bradford DCA Knights C"]

1. e4 c5 2. Nf3 Nc6 3. d4 cxd4 4. Nxd4 Nf6 5. Nc3 e6 6. Ndb5 Bb4 7. a3 Bxc3+ 8.
Nxc3 d5 9. exd5 exd5 10. Bd3 O-O 11. O-O d4 12. Ne2 Bg4 13. f3 Be6 14. Bg5 Ne5
15. Bxf6 Qxf6 16. Nxd4 Bc4 17. Be2 Rad8 18. c3 Qb6 19. Qc2 Bb3 20. Qxb3 1-0

[Event "4NCL Division 3 North"]
[Site "Bolton, ENG"]
[Date "2017.01.15"]
[Round "4.66"]
[White "Braham, Peter"]
[Black "Tebelev, Michael"]
[Result "1/2-1/2"]
[WhiteElo "1689"]
[BlackElo "1877"]
[PlyCount "122"]
[EventDate "2017.01.15"]
[WhiteTeam "Bradford DCA Knights C"]
[BlackTeam "3Cs 2"]

1. e4 c5 2. Nf3 d6 3. d4 cxd4 4. Nxd4 Nf6 5. Nc3 g6 6. Be3 Bg7 7. f3 O-O 8. Qd2
Nc6 9. g4 Be6 10. Be2 Ne5 11. Nxe6 fxe6 12. O-O-O Rc8 13. Kb1 Nc4 14. Bxc4 Rxc4
15. Bd4 Rxd4 16. Qxd4 Nxg4 17. Qc4 Nf2 18. Qxe6+ Kh8 19. Nd5 Nxh1 20. Rxh1 Rxf3
21. a3 Rf8 22. h4 Qa5 23. Qxe7 Qb5 24. b3 h6 25. Ne3 Qe2 26. Nd1 Qg2 27. Re1
Qd2 28. Rh1 Qd4 29. Kc1 h5 30. Qxb7 Qa1+ 31. Kd2 Qd4+ 32. Kc1 Bh6+ 33. Kb1 Qd2
34. Qc6 Qc1+ 35. Ka2 Bg7 36. b4 Rf2 37. Kb3 Rd2 38. e5 Bxe5 39. Ne3 Qb2+ 40.
Ka4 Qd4 41. Qe8+ Kg7 42. Rg1 Qe4 43. Rg5 Rf2 44. Nf5+ Qxf5 45. Rxf5 Rxf5 46. c4
Bg3 47. Qe3 Bxh4 48. Qxa7+ Kh6 49. Qd7 Bg3 50. b5 h4 51. Qe8 Kg7 52. Qe3 Re5
53. Qf3 Rf5 54. Qg2 Rf4 55. Qb2+ Kh7 56. Qc3 d5 57. Kb3 dxc4+ 58. Kc2 Rf2+ 59.
Kd1 Rf1+ 60. Kd2 Rf2+ 61. Kd1 Rf1+ 1/2-1/2

[Event "4NCL Division 3 North"]
[Site "Bolton, ENG"]
[Date "2017.01.15"]
[Round "4.75"]
[White "Buckley, Colm"]
[Black "Thomas, Keith"]
[Result "1-0"]
[WhiteElo "1915"]
[BlackElo "1877"]
[PlyCount "139"]
[EventDate "2017.01.15"]
[WhiteTeam "Spirit of Atticus B"]
[BlackTeam "Hounds and Bears"]

1. d4 d5 2. c4 e5 3. dxe5 d4 4. Nf3 Nc6 5. g3 Bc5 6. Bg2 Nge7 7. O-O Ng6 8.
Nbd2 a5 9. Nb3 Ba7 10. Bg5 Qd7 11. c5 h6 12. Bc1 Ngxe5 13. Nxe5 Nxe5 14. Qxd4
Qxd4 15. Nxd4 Bxc5 16. Nb5 Bd6 17. Rd1 Ke7 18. Nxd6 cxd6 19. b3 Ra6 20. Bb2 f6
21. Rac1 Nc6 22. Rc2 Rd8 23. Ba3 Bf5 24. Rcd2 Nb4 25. Bxb7 Rb6 26. Bf3 Rc8 27.
Bxb4 axb4 28. Bd5 Bh3 29. f4 Rc7 30. Be4 Be6 31. Kf2 Rc5 32. h4 Ra6 33. Bb1 Rb6
34. Rd4 Rc3 35. Bd3 Rc7 36. Kf3 Rc3 37. Kf2 Rc5 38. Re4 Kd7 39. Ke1 Ra5 40. Rd2
Rc5 41. Rd4 Ke7 42. Kd1 Kd7 43. Rc2 Kc7 44. Kc1 Rb8 45. Kb2 Rb6 46. Rd2 Ra5 47.
Bc4 Bd7 48. Rc2 Rc5 49. Bd3 Be6 50. Be4 Bf7 51. Bd5 Bg6 52. e4 Be8 53. Rcc4
Rxc4 54. Rxc4+ Kb8 55. a3 bxa3+ 56. Kxa3 Bb5 57. Rc3 Bd7 58. Bc4 f5 59. Re3 Rb7
60. exf5 Bxf5 61. Re8+ Ka7 62. Rf8 Bg6 63. Rd8 Rb6 64. Rd7+ Rb7 65. Rxd6 Be8
66. g4 Rc7 67. g5 hxg5 68. hxg5 Re7 69. Re6 Rf7 70. Rxe8 1-0

[Event "4NCL Division 3 North"]
[Site "Bolton, ENG"]
[Date "2017.01.15"]
[Round "4.206"]
[White "Slinger, Tony J"]
[Black "Pocevicius, Dovydas"]
[Result "0-1"]
[WhiteElo "1911"]
[BlackElo "1647"]
[PlyCount "48"]
[EventDate "2017.01.15"]
[WhiteTeam "Bradford DCA Knights B"]
[BlackTeam "Enniscorthy"]

1. c4 e5 2. Nc3 Nf6 3. Nf3 Nc6 4. e3 Bc5 5. a3 a5 6. Qc2 O-O 7. Be2 d6 8. Ng5
h6 9. h4 Ne7 10. Nf3 Bf5 11. d3 Nc6 12. b3 Ng4 13. Nd1 Qe7 14. e4 Bh7 15. Ne3
f5 16. exf5 Bxf5 17. Nxg4 Bxg4 18. Be3 Bxe3 19. fxe3 Qf6 20. Qb2 Ne7 21. O-O-O
Nf5 22. e4 Bxf3 23. gxf3 Nxh4 24. d4 Nxf3 0-1

[Event "4NCL Division 3 North"]
[Site "Bolton, ENG"]
[Date "2017.01.15"]
[Round "4.201"]
[White "Hurwitz, Ed J G"]
[Black "Carpenter, Martin"]
[Result "0-1"]
[WhiteElo "2025"]
[BlackElo "2090"]
[PlyCount "100"]
[EventDate "2017.01.15"]
[WhiteTeam "Bradford DCA Knights B"]
[BlackTeam "Jorvik"]

1. g3 Nf6 2. Bg2 e6 3. f4 d5 4. Nf3 Be7 5. O-O O-O 6. d3 c5 7. c3 Nc6 8. Qc2
Qc7 9. Na3 a6 10. Bd2 Rd8 11. Rae1 Bd7 12. Qb1 Be8 13. Nc2 d4 14. c4 Rab8 15.
Bh3 b5 16. e4 bxc4 17. dxc4 Nd7 18. e5 Nf8 19. b3 a5 20. Na3 Nb4 21. f5 exf5
22. Bxf5 Rb6 23. Ng5 h6 24. Nf3 Ne6 25. Qe4 Bf8 26. Qg4 g6 27. Be4 Qe7 28. Nh4
Ng5 29. Bg2 Bg7 30. Nf3 Ne6 31. h4 h5 32. Qh3 Bd7 33. Qh2 Rf8 34. Ng5 Nxa2 35.
Nb5 Bxb5 36. cxb5 Nb4 37. g4 hxg4 38. Ne4 Nd5 39. Nd6 Ne3 40. Bxe3 dxe3 41.
Rxe3 Nd4 42. Nc4 Rxb5 43. Bd5 Nf5 44. Re4 Rxb3 45. Rxg4 Ne3 46. Nxe3 Rxe3 47.
Rxg6 Qxe5 48. Qg2 Re2 49. Rf2 Re1+ 50. Rf1 Qe3+ 0-1

[Event "4NCL Division 3 North"]
[Site "Bolton, ENG"]
[Date "2017.01.15"]
[Round "4.204"]
[White "Cowan, Richard M"]
[Black "Gardiner, Eric D"]
[Result "1/2-1/2"]
[WhiteElo "1890"]
[BlackElo "1936"]
[PlyCount "103"]
[EventDate "2017.01.15"]
[WhiteTeam "Jorvik"]
[BlackTeam "Bradford DCA Knights B"]

1. Nf3 d6 2. c4 e5 3. Nc3 f5 4. e4 Nf6 5. exf5 Bxf5 6. d4 Nbd7 7. dxe5 dxe5 8.
Be2 Bc5 9. Bg5 O-O 10. O-O Qe8 11. Qd2 c6 12. Rad1 h6 13. Be3 Bb4 14. Qc2 Ng4
15. Bd2 Qe7 16. h3 Ngf6 17. a3 Bxc3 18. Qxc3 Ne4 19. Qb4 Ndc5 20. Be3 a5 21.
Bxc5 Nxc5 22. Qc3 e4 23. Qe3 Rae8 24. Nd4 Bg6 25. b4 axb4 26. axb4 Nd3 27. b5
c5 28. Nc2 Nf4 29. Rfe1 Qg5 30. Bf1 Rd8 31. Rxd8 Rxd8 32. h4 Qe5 33. Qg3 Bh7
34. Ne3 Nd3 35. Qxe5 Nxe5 36. Ra1 Rd2 37. Ra8+ Kf7 38. Rb8 Rd7 39. Be2 Ke7 40.
Nd5+ Kd6 41. Rf8 Bg6 42. Kf1 Bf7 43. Nb6 Rc7 44. Rd8+ Ke7 45. Rd1 Nd7 46. Nd5+
Bxd5 47. Rxd5 Nf6 48. Rd1 Ke6 49. Ke1 Ke5 50. Rd8 Rd7 51. Rc8 Kd4 52. Kd2
1/2-1/2

[Event "4NCL Division 3 North"]
[Site "Bolton, ENG"]
[Date "2017.01.15"]
[Round "4.207"]
[White "Bramson, Mike"]
[Black "Flint, Martina"]
[Result "1-0"]
[WhiteElo "1895"]
[BlackElo "1844"]
[PlyCount "55"]
[EventDate "2017.01.15"]
[WhiteTeam "Bradford DCA Knights B"]
[BlackTeam "Jorvik"]

1. e4 g6 2. d4 Bg7 3. Nc3 d6 4. Be3 e6 5. Qd2 h6 6. Bd3 Nf6 7. h3 Nbd7 8. Nge2
e5 9. O-O a6 10. a4 exd4 11. Nxd4 Nc5 12. Rae1 Nxd3 13. cxd3 c5 14. Nf3 h5 15.
e5 Nd7 16. Bg5 Qa5 17. exd6+ Kf8 18. Re4 Nf6 19. Rf4 Nh7 20. Qe3 Bf5 21. Qe7+
Kg8 22. d7 f6 23. Qe8+ Nf8 24. Qxa8 Bxd7 25. Bxf6 Qc7 26. Be5 Qxe5 27. Rxf8+
Kh7 28. Ng5+ 1-0

[Event "4NCL Division 3 North"]
[Site "Bolton, ENG"]
[Date "2017.01.15"]
[Round "4.202"]
[White "Hodge, Steve R"]
[Black "Plaza Reino, Agustin"]
[Result "1/2-1/2"]
[WhiteElo "1967"]
[BlackElo "1900"]
[PlyCount "61"]
[EventDate "2017.01.15"]
[WhiteTeam "Jorvik"]
[BlackTeam "Enniscorthy"]

1. e4 c5 2. Nc3 e6 3. Nge2 a6 4. g3 b5 5. Bg2 Bb7 6. O-O Nf6 7. d3 Qc7 8. f4 d6
9. h3 Nc6 10. Be3 g6 11. Qd2 Bg7 12. Rac1 O-O 13. g4 Rfd8 14. f5 Ne5 15. Bg5
Rf8 16. Bh6 b4 17. Nd1 d5 18. Nf2 dxe4 19. Bxg7 Kxg7 20. Nxe4 Bxe4 21. Bxe4
Nxe4 22. dxe4 exf5 23. exf5 Nd7 24. Rcd1 Rad8 25. Qf4 Qxf4 26. Nxf4 Nf6 27.
fxg6 hxg6 28. Rfe1 g5 29. Nd3 Rd5 30. Re5 Rfd8 31. Rde1 1/2-1/2